000 00554nam a2200217Ia 4500
003 OSt
005 20230529150646.0
008 210423s2015 xx 000 0 und d
020 _a978-93-84007-62-1
040 _cAL
041 _aeng
082 _a613.2 MITN
100 _aMITCHELL (Mary Kay)
_9115890
245 _aNutrition across the life span
260 _aNew Delhi
_bMed Tech
_c2015
300 _axv,608
_bPB
365 _b995
_cINR
650 _aHealth Promotion
_9115891
906 _aacross ; life ; Nutrition ; span
942 _2ddc
_cBK
999 _c168326
_d168326